| 000 | 00637nam a2200193Ia 4500 | ||
|---|---|---|---|
| 003 | LDD | ||
| 008 | 190117s9999 xx 000 0 und d | ||
| 020 |
_a9789350722497 _c₹395 |
||
| 040 | _cLDD | ||
| 041 | _ahi | ||
| 082 | _a8H3.7 शा76कि | ||
| 100 | _aशाह, रमेश चन्द्र | ||
| 245 | 0 |
_aकिस्सा गुलाम _cरमेश चन्द्र शाह |
|
| 260 |
_aनई दिल्ली _bवाणी प्रकाशन _c2012 |
||
| 300 | _a252 | ||
| 901 | _aAAKAR | ||
| 904 | _aReqst by : J. M. Parakh | ||
| 942 |
_2ddc _cH |
||
| 999 |
_c171625 _d171625 |
||